أسس علم النفس العام / (Record no. 16187)

MARC details
000 -الفاتح
حقل البيانات ثابتة الطول 00647nam a22002057a 4500
003 - محدد رقم الضبط
رقم الضبط OSt
005 - وقت وتاريخ اخر تعامل مع التسجيلة
رقم الضبط 20201124142000.0
008 - عناصر البيانات ثابتة الطول - معلومات عامة
حقل البيانات ثابتة الطول 111101s1980 ua|||||r|||| 000 0 ara d
020 ## - الرقم الدولى المعيارى للكتب
الرقم الدولى المعيارى للكتاب 9772660504
040 ## - مصدر الفهرسة
وكالة الفهرسة الأصلية EG-BUE
082 ## - رقم تصنيف ديوى العشرى
رقم الطبعة 22
رقم المادة ز ي ا
رقم التصنيف 150
100 ## - المدخل الرئيسى - إسم شخصى
9 (RLIN) 27706
الإسم الشخصى الزيادي ، محمد
245 ## - بيان العنوان
العنوان أسس علم النفس العام /
بيان المسئوليه,etc محمود الزيادي
260 ## - PUBLICATION, DISTRIBUTION, ETC. (IMPRINT)
مكان الناشر او الموزع القاهرة :
اسم الناشر او الموزع مكتبة الأنجلو المصرية، 1980
تاريخ النشر أو التوزيع 1980
300 ## - الوصف المادى
التعداد 333 ص ؛
أبعاد الوعاء 24 سم
504 ## - تبصرة ببليوجرافية
تبصرة ببليوجرافية,الخ يشتمل على إرجاعات ببليوجرافية ص 329-333
651 ## - المدخل الاضافى بالموضوع - اسم جغرافى
مصدر الرأس أو المصطلح BUEsh
653 ## - مصطلح تكشيفى غير مقيد
Arrived date list October2011
942 ## - عناصر المدخل الإضافي( كوها)
مصدر التصنيف او مخطط الترفيف Dewey Decimal Classification
Koha [default] item type Book - Borrowing
Holdings
حالة التراجع حالة الفقد مصدر التصنيف او خطة الترفيف تحديد مواد ( مجلدات مجمعه أو جزء أخر) حالة تلف ليس للاعارة مجموعات كوها المكان الدائم المكان الحالي موقع الترفيف تاريخ الاكتساب Source of acquisition رقم الاستدعاء الباركود Date last seen مُعار نوع الوعاء
    Dewey Decimal Classification Lost_In_Inventory_12-2-2024     Alef-Baa Central Library Central Library Lower Floor 01/11/2011 Purchase 150 ز ي ا 000025588 25/09/2024 19/02/2017 Book - Borrowing